| 000 | 01162cad a22002415a 4500 | ||
|---|---|---|---|
| 001 | L146897 | ||
| 008 | 090309s2009 xxk f 000 0 eng d | ||
| 020 | _a9781842194515 | ||
| 035 | _a(Sirsi) u146897 | ||
| 041 | 0 | _aeng | |
| 050 | 0 | 4 | _a333.33 $2 18 |
| 110 | 2 |
_aRoyal Institution of Chartered Surveyors _94900 |
|
| 245 | 0 | 0 |
_aDuty of care deeds and commercial property _h[archived] |
| 260 |
_aLondon _bRICS _c2009 |
||
| 490 | 0 | _aRICS Information Paper | |
| 520 | _aSets out the nature and purpose of duty of care deeds in the context of property management. Suggests an approach for property managers when faced with duty of care deeds, often provided by banks or financial institutions. Includes sample wording to control a property manager's risk exposure under duty of care deeds. | ||
| 520 | _aArchived in 2018 | ||
| 590 | _aKA | ||
| 651 | 4 | _aUnited Kingdom | |
| 690 | _aPROPERTY-COMMERCIAL PROPERTY-COMMERCIAL PROPERTY MANAGEMENT | ||
| 856 | 4 | 0 |
_uhttps://www.isurv.com/downloads/file/1067/archive_duty_of_care_deeds_and_commercial_property_1st_edition_february_2009%E2%80%93june_2018 _zArchived in isurv (subscription required) |
| 942 |
_n0 _2ddc |
||
| 999 |
_c109343 _d109343 |
||